000 01139 a2200241 4500
005 20080912100940.0
008 080912t xxu||||| |||| 00| 0 hin d
010 _aHIN-80662
020 _a8177111574
_c150.00
035 _aHN-53008
037 _bD.B.Act / pub
082 _a
100 _aसक्सेना, ईश्वर चन्द्र
245 _aमैं ऐसी ही हूँ
_bईश्वर चन्द्र सक्सेना
246 _aMain Asi hi hun
_bby Ishawar Chander Saxsena
260 _aजयपुर
_bसाहित्यागार
_c2007
270 _a958,धामाणी मार्केट की गली चौड़ा रास्ता
_bजयपुर
300 _a135पृ
_c22सेमी (सजिल्द)
650 _aहिन्दी कहानियाँ
650 _aHindi Stories
942 _adpl
_cHN
_kक / सक्सेना
_2ddc
_h
_mसक्सेना
999 _c6595
_d6595